IFM Opac

Govenment and industry (Record no. 13539)

MARC details
000 -LEADER
fixed length control field 00311nam a22001337a 4500
020 ## - INTERNATIONAL STANDARD BOOK NUMBER
International Standard Book Number 0903486342
082 ## - DEWEY DECIMAL CLASSIFICATION NUMBER
Classification number 336.942 GAN
100 ## - MAIN ENTRY--PERSONAL NAME
Personal name Ganz Gabriele
245 ## - TITLE STATEMENT
Title Govenment and industry
260 ## - PUBLICATION, DISTRIBUTION, ETC.
Place of publication, distribution, etc. London
Name of publisher, distributor, etc. Professional books
Date of publication, distribution, etc. 1977
300 ## - PHYSICAL DESCRIPTION
Extent xii,112p.
Other physical details 23cm.
500 ## - GENERAL NOTE
General note Include index
942 ## - ADDED ENTRY ELEMENTS (KOHA)
Koha item type Books
Holdings
Withdrawn status Lost status Source of classification or shelving scheme Damaged status Not for loan Home library Current library Shelving location Date acquired Full call number Barcode Date last seen Price effective from Koha item type
    Dewey Decimal Classification     IFM Main Campus Library IFM Main Campus Library   11/06/2015 336.942 GAN 0000005663 11/06/2015 11/06/2015 Books